00840nam a22001577a 4500003000900000008004100009020001800050040007100068082001500139245005400154260003200208300002300240505037600263650002600639650001700665AR-CdUCM190318b ||||| |||| 00| 0 spa d a84-7056-164-2 aMUNICIPALIDAD PROVINCIAL DEL CUSCOcBIBLIOTECA MUNICIPAL DEL CUSCO a030 /bC88 aDiccionario enciclopédico universal ilustrado / aBarcelona :bCredsa,c1976. a12 tomos ;c27 cm. aContenido: Tomo I: A- Atón --Tomo II: Atona - Catherin -- Tomo III: Catí - Detractar --Tomo IV: Detractor - Florescencia -- Tomo V: Floresta - Ignorar -- tomo VII: Mainland - Obrajero -- Tomo VIII: Obrar - Pontín -- Tomo IX: Pontina - Romanche -- Tomo X: Romanear - Suria -- Tomo XI: Surigao - Vallfogona -- Tomo XII: Vallgorguina - Zyrianos Tomo XIII: Vocabularios aDiccionario ilustrado aEnciclopedia